000 00882nam a2200265 i 4500
003 DO-SdBNP
005 20240614144043.0
007 ta
008 240614s2024 dr ao 000 j spa d
020 _a9789945409659
040 _aDO-SdBNP
_bspa
_cBNPHU
_erda
082 _bF316p
_222
100 _aFéliz, Carlos Julio,
_d1958-
_917698
_eautor
245 1 0 _aPedernales :
_bhistoria, evolución y desarrollo /
_cCarlos Julio Féliz ; prólogo Víctor Rafael García
264 1 _aSanto Domingo :
_bConadex,
_c2024.
300 _a279 páginas,
_bilustraciones, fotografías
_c24 cm.
336 _2rdacontent
_atexto
_btxt
337 _2rdamedia
_asin mediación
_bn
338 _2rdacarrier
_avolumen
_bnc
504 _aBibliografía p: 267-269
590 _aInventariado, 2024/ YL
700 1 _aGarcía, Víctor Rafael
_eprólogo
_985681
910 _aYLockward
942 _2ddc
_cLBS1
999 _c56862
_d56862